000
00234 a2200097 4500
001
53001
100
_a
Lindberg R A
245
_a
Processes and Materials of Manufactures
260
_a
London
_b
Allyn & Bacon
_c
090
_c
33322
_d
33322
942
_a
NUST-CAE
_c
M
_c
25917
999
_c
288074
_d
288074